| 000 | 01232nam a22002537a 4500 | ||
|---|---|---|---|
| 005 | 20240305165546.0 | ||
| 007 | cr|||| |||| | ||
| 008 | 200528s2020 mx |||||s|||| 00||0 spa d | ||
| 020 | _a978-607-541-214-6 | ||
| 035 | _a31496 | ||
| 040 | _avLex | ||
| 090 |
_c10417 _d10417 |
||
| 100 | 1 | _aLuna Guerra, Antonio | |
| 245 | 1 | 0 |
_aRégimen legal y fiscal del fideicomiso 2020 _h[Recurso electrónico] / _cAntonio Luna Guerra |
| 256 | _aServicio en línea | ||
| 260 |
_aCiudad de México: _bEdiciones Fiscales ISEF, _c2020 |
||
| 300 | _a1 recurso electrónico | ||
| 500 | _aConozca a través de esta obra, el tratamiento y la diversidad del FIDEICOMISO ya que la mayoría de las operaciones gubernamentales en México son mediante esta figura. | ||
| 506 | 1 |
_aDisponible solo en los productos indicados _dvLex Global _dvLex Global (Academic Edition, excluding Law Schools) _dvLex Global (U.S. Academic Edition, Law Schools) _dvLex Global (U.S. Academic Edition, excluding Law Schools) _dvLex Global (Academic Edition, Law Schools) |
|
| 650 | 0 | 4 |
_aDerecho Fiscal _zMéxico |
| 740 | 0 | _avLex Libros (Servicio en línea) | |
| 856 | 4 | 0 | _uhttps://app.vlex.com/#/sources/regimen-legal-y-fiscal-del-fideicomiso-2020-31496 |
| 942 | _cRAA | ||
| 999 |
_c168653 _d168653 |
||